| 000 | 00398nam a2200145 a 4500 | ||
|---|---|---|---|
| 001 | 3434 | ||
| 003 | CDMR | ||
| 005 | 20130809115032.0 | ||
| 008 | 130130s1996||||||||||||||||||||||||||||d | ||
| 040 |
_aCDMR _bcat _cCPC LLEIDA |
||
| 100 | 1 |
_aRoigé Ventura, Xavier _92476 |
|
| 245 | 1 | 0 |
_aSexualitat, història i antropologia _cROIGÉ, Xavier |
| 260 |
_aLleida _c1996 _bUniversitat de Lleida |
||
| 942 |
_cMON _2udc |
||
| 999 |
_c3434 _d3434 |
||